00375nam a2200109Ia 4500003000400000008004100004040001600045082001700061245012300078260005300201300001100254GCL140319s9999 xx 000 0 eng d aGCL / cGCL04a331.133bF D10aThe Diversity Advantage: How Amarican Business Can aut-Perform japaese and European Compnies in the global Marketplace a[S.N] : bMacmillan Publishing Company ، c1993 a344 pp